RC Celta de Vigo Squad 2013-2014 - Statistics

General Stats
  • This quiz has been taken 9 times
  • The average score is 13 of 25
Answer Stats
# Position Nation Player % Correct
1 GK Spain Sergio Álvarez
100%
4 MF Spain Borja Oubiña
80%
22 DF Argentina Gustavo Cabral
80%
2 DF Spain Hugo Mallo
80%
- Coach Spain Luis Enrique
80%
10 FW Spain Nolito
80%
3 DF Spain Andreu Fontàs
60%
24 MF Argentina Augusto Fernández
60%
18 FW Spain David Rodríguez
60%
14 FW Chile Fabián Orellana
60%
9 FW Spain Mario Bermejo
60%
12 MF Brazil Rafinha
60%
13 GK Spain Yoel Rodríguez
60%
8 MF Spain Álex López
40%
16 DF Spain Carlos Bellvís
40%
11 FW Brazil Charles
40%
6 MF Spain Jonathan Vila
40%
19 DF Spain Jonny Otto
40%
17 MF Gabon Levy Madinda
40%
23 MF Denmark Michael Krohn-Dehli
40%
21 DF Spain Samuel Llorca
40%
20 FW Spain Toni Dovale
40%
21 DF Spain Iñigo López
20%
15 DF Spain Jon Aurtenetxe
20%
25 FW Brazil Welliton
20%
No matching quizzes found
Score Distribution
Percent of People with Each Score
Percentile by Number Answered
Your Score History
You have not taken this quiz